| 000 | 01058nam0a22002531 4500 | ||
|---|---|---|---|
| 001 | rc\3030961 | ||
| 005 | 20250806201634.0 | ||
| 035 | _a(NLR Aleph) 007171898 | ||
| 090 |
_a12678 _c12678 |
||
| 100 | _a20111002d1941 u y0rusy50 ca | ||
| 101 | 0 | _arus | |
| 102 | _aRU | ||
| 105 | _aa b ||||| | ||
| 200 | 1 |
_aКаталог газет и журналов на 2-е полугодие 1941 г. _fНар. ком. связи СССР. Рост. обл. отд. распространения и экспедирования печати "Союзпечать" |
|
| 210 |
_aРостов н/Д _cРостведиздат _d1941 |
||
| 215 |
_a[2], 12 с. _cтабл. _d20 см |
||
| 710 | 0 | 2 |
_aРостовский областной отдел распространения и экспедирования печати _3RU\NLR\AUTH\8810060857 |
| 801 | 0 |
_aRU _bNLR _gpsbo |
|
| 801 | 1 |
_aRU _bELAR _2rusmarc |
|
| 852 |
_aNLR _bБ _jК3750/К29 |
||
| 942 | _cBOOK | ||
| 945 | _aРоссийская национальная библиотека | ||
| 980 | _aNB | ||
| 980 | _aBV | ||